| 000 | 00430nam a2200181Ia 4500 | ||
|---|---|---|---|
| 008 | 210210b1948 xxu||||| |||| 00| 0 eng d | ||
| 041 | _aeng | ||
| 082 | _a822/948 | ||
| 100 | _aPATER (Walter) | ||
| 245 | _aSelected essays: Addington Ed | ||
| 260 |
_aLondon _bWilliam Heinemann Ltd. _c1948 |
||
| 650 | _aSelected | ||
| 650 | _aessays: | ||
| 650 | _aEd | ||
| 650 | _aAddington | ||
| 690 | _aEnglish Prose | ||
| 906 | _a013131 | ||
| 999 |
_c131976 _d131976 |
||